根据省份的若干个邻居写出该省名称Provinces According to its neighbors - Statistics

General Stats
  • This quiz has been taken 392 times
  • The average score is 10 of 10
Answer Stats
邻居1 邻居2 邻居3 答案 % Correct
河北省 辽宁省 内蒙古自治区
99%
新疆维吾尔自治区 内蒙古自治区 甘肃省
96%
广东省 广西壮族自治区 湖南省
96%
辽宁省 山东省 河北省
96%
新疆维吾尔自治区 云南省 西藏自治区
96%
青海省 甘肃省 陕西省 四川省
95%
陕西省 河南省 安徽省 湖北省
95%
浙江省 安徽省 湖北省 江西省
95%
四川省 湖北省 重庆市 陕西省
94%
湖南省 湖北省 陕西省 重庆市
93%
No matching quizzes found
Score Distribution
Percent of People with Each Score
Percentile by Number Answered
Your Score History
You have not taken this quiz